In Citta'zero Gradi

محفوظ في:
التفاصيل البيبلوغرافية
المؤلف الرئيسي: Dniel Glattauer
التنسيق: كتاب
اللغة:لغة غير معروفة
منشور في: Feltrinelli
الوسوم: إضافة وسم
لا توجد وسوم, كن أول من يضع وسما على هذه التسجيلة!

MARC

LEADER 00000nam a2200000Ia 4500
001 R-1762
003 CODICE-MESSINA
005 20260212102514.0
008 260211s9999 xx 000 0 und d
040 |c importazione_messina 
100 |a Dniel Glattauer 
245 0 |a In Citta'zero Gradi 
260 |b Feltrinelli 
942 |2 ddc  |c BK 
952 |0 0  |1 0  |2 ddc  |4 0  |6 SCAFFALE_18_000000000000000__STANZA_2__RACCONTI_SICILIANI  |7 0  |9 32603  |a ME  |b ME  |d 2026-02-11  |l 0  |o SCAFFALE 18 - STANZA 2 - RACCONTI SICILIANI  |p R-1762  |r 2026-02-11 23:53:17  |w 2026-02-11  |x [REVISIONARE]  |y BK 
999 |c 28270  |d 28270